Online
Catalog

La muerte de la lúz : (Record no. 24122)

MARC details
000 -CABECERA
campo de control de longitud fija 01010nam a2200277 a 4500
001 - NÚMERO DE CONTROL
campo de control 000024629
005 - FECHA Y HORA DE LA ÚLTIMA TRANSACCIÓN
campo de control 20200930023258.0
008 - DATOS DE LONGITUD FIJA--INFORMACIÓN GENERAL
campo de control de longitud fija 110201s1969 ve a r 000 0 spa d
040 ## - FUENTE DE LA CATALOGACIÓN
Centro catalogador/agencia de origen DO-SdBNP
Lengua de catalogación ger
Centro/agencia transcriptor BNPHU
041 17 - CÓDIGO DE LENGUA
Código de lengua del texto/banda sonora o título independiente spa
Código de lengua original eng
Fuente del código Código de idioma MARC
082 ## - NÚMERO DE LA CLASIFICACIÓN DECIMAL DEWEY
Número de clasificación 834.91
Número de documento/Ítem S449m
049 ## - FONDOS LOCALES (OCLC)
Fondos de biblioteca BNGR
100 1# - ENTRADA PRINCIPAL--NOMBRE DE PERSONA
Nombre de persona Sedlmayr, Hans,
Fechas asociadas al nombre 1896-1984.
9 (RLIN) 50506
240 10 - TÍTULO UNIFORME
Título uniforme Der Tod des Lichtes.
Lenguaje de la obra Español.
245 10 - MENCIÓN DE TÍTULO
Título La muerte de la lúz :
Resto del título perspectivas generales sobre el arte moderno, ensayos /
Mención de responsabilidad, etc. Hans Sedlmayr ; versión castellana de Miguel Mascialino.
260 ## - PUBLICACIÓN, DISTRIBUCIÓN, ETC.
Lugar de publicación, distribución, etc. Caracas, Venezuela :
Nombre del editor, distribuidor, etc. Monte Ávila Editores,
Fecha de publicación, distribución, etc. 1969.
300 ## - DESCRIPCIÓN FÍSICA
Extensión 250, [10] p. :
Otras características físicas il. ;
Dimensiones 20 cm.
490 1# - MENCIÓN DE SERIE
Mención de serie Prisma
534 ## - NOTA SOBRE LA VERSIÓN ORIGINAL
Encabezamiento principal del original Título original alemán:
Mención de título del original Der Tod des Lichtes
504 ## - NOTA DE BIBLIOGRAFÍA, ETC.
Nota de bibliografía, etc. Incluye referencias bibliográficas
500 ## - NOTA GENERAL
Nota general Incluye notas al pie de las páginas
650 #4 - PUNTO DE ACCESO ADICIONAL DE MATERIA--TÉRMINO DE MATERIA
Término de materia o nombre geográfico como elemento de entrada Ensayo alemán
9 (RLIN) 50507
650 #4 - PUNTO DE ACCESO ADICIONAL DE MATERIA--TÉRMINO DE MATERIA
Término de materia o nombre geográfico como elemento de entrada Literatura alemana
9 (RLIN) 3274
700 1# - PUNTO DE ACCESO ADICIONAL--NOMBRE DE PERSONA
Nombre de persona Mascialino, Miguel
Término indicativo de función/relación tr.
9 (RLIN) 48464
830 #0 - PUNTO DE ACCESO ADICIONAL DE SERIE-TÍTULO UNIFORME
Título uniforme Prisma
9 (RLIN) 3770
Holdings
Estado de retiro Estado de pérdida Restricciones de uso No para préstamo Código de colección Localización permanente Ubicación/localización actual Ubicación en estantería Fecha de adquisición Número de inventario Total de préstamos Signatura topográfica completa Código de barras Fecha visto por última vez Precio válido a partir de Tipo de ítem Koha
        Monografías: Libros y Folletos General General En catalogación 01.02.2011 LF1   834.91 S449m 24629-10 25.06.2020 25.06.2020 Préstamo en sala

Powered by Koha